Atardenochecer / (Record no. 56248)

MARC details
000 -LEADER
campo de control de longitud fija 00528nam a2200181 i 4500
001 - NÚMERO DE CONTROL
campo de control 56248
003 - IDENTIFICADOR DE NÚMERO DE CONTROL
campo de control ES-MaACL
005 - FECHA Y HORA DE LA ÚLTIMA TRANSACCIÓN
campo de control 20240501063031.0
007 - CAMPO FIJO DE DESCRIPCIÓN FÍSICA--INFORMACIÓN GENERAL
campo de control de longitud fija t|
008 - DATOS DE LONGITUD FIJA--INFORMACIÓN GENERAL
campo de control de longitud fija 031006s1984 sp ||||1| spa d
020 ## - NÚMERO INTERNACIONAL ESTÁNDAR DEL LIBRO
Número Internacional Estándar del Libro 84-398-2307-X
100 0# - ENTRADA PRINCIPAL--NOMBRE DE PERSONA
Nombre de persona Díaz Viera, José Raúl,
Fechas asociadas al nombre 1954-
9 (RLIN) 44455
245 10 - MENCIÓN DEL TÍTULO
Título Atardenochecer /
Mención de responsabilidad, etc. José Raúl Díaz Viera.
260 ## - PUBLICACIÓN, DISTRIBUCIÓN, ETC.
Lugar de publicación, distribución, etc. [S.l. :
Nombre del editor, distribuidor, etc. s.n.,
Fecha de publicación, distribución, etc. 1984] (
Lugar de fabricación/manufactura Getafe :
Fabricante Gráficas Catena)
300 ## - DESCRIPCIÓN FÍSICA
Extensión 91 p. ;
Dimensiones 15 cm.
852 ## - LOCALIZACIÓN
Ubicación ES-MaACL
Número de control de estantería 2131-F-1
Sublocalización o colección R.112299
Holdings
Estatus retirado Estado de pérdida Estado de daño No para préstamo Colección Biblioteca de origen Biblioteca actual Ubicación en estantería Fecha de adquisición Fuente de adquisición Total de préstamos Signatura topográfica completa Código de barras Visto por última vez Precio de reemplazo Tipo de ítem Koha
        Colección de folletos Biblioteca del Ateneo de Madrid Biblioteca del Ateneo de Madrid Depósito folletos 17/01/2008     2131-F-1 1059082 23/02/2023 23/02/2023 Folleto